Úlohy a možnosti uplatňovania vedeckoateistickej výchovy

Bibliographic Details
Main Author: Dostál, Václav (Author)
Format: Article
Language:Slovak
Subjects:

MARC

LEADER 00000nab a2200000 a 4500
001 vtls000159282
003 SK-MaSNL
005 20260302210139.0
008 140301c1983 xo 0 slo
015 |a SNBRB19rr/mm-uuuuu 
035 |a CL0169392 
040 |a SNKBUCL  |b slo  |c SNKBUCL  |e AACR2 
041 0 |a slo 
044 |a xo  |c SK 
080 |a 37.01:141.45  |2 1981 
080 |a 141.45  |2 1981 
100 1 |a Dostál, Václav  |4 aut  |9 924342 
245 1 0 |a Úlohy a možnosti uplatňovania vedeckoateistickej výchovy  |c Václav Dostál 
650 0 7 |a výchova ateistická  |2 snkbucl  |9 924343 
655 7 |a články z novín a časopisov  |2 snkbucl  |9 267496 
773 0 |t Učiteľské noviny  |g Roč. 33, č. 35 (1983), s. 10 
850 |a Slovenská národná knižnica v Martine  |a MTA001 
852 |a SNK  |b KIS3GCP 
958 |a RK 
992 |a RBX 
999 |c 1481150  |d 1483080